000 00890nam a2200205 a 4500
008 120416s2004 ||||||||||||||||| || u
020 _a0821358235
050 _aIBRD(02)
100 _aRist, Ray C
245 1 0 _aTen steps to a results-based monitoring and evaluation system: a handbook for development practitioners
_cJody Zall Kusek; Ray C. Rist
260 _aWashington, D. C.
_bWorld Bank
_c2004
300 _axiv, 248p. : ill.
350 _a0.00
650 _aGOVERNMENT PRODUCTIVITY--DEVELOPING COUNTRIES--EVALUATION
650 _aPRODUCTION
650 _aPERFORMANCE STANDARDS--DEVELOPING COUNTRIES--EVALUATION
650 _aTOTAL QUALITY MANAGEMENT IN GOVERNMENT--DEVELOPING COUNTRIES--EVALUATION
700 _aKusek, Jody Zall
995 _D0.00
_FCBU-MAIN LIBRARY (Kitwe)
_H1
_I0.00
_M1
_UAVAILABLE
_ZInternational Publications
999 _c59635
_d59635